01790cam a2200469 a 450000100060000000300100000600500170001600800410003301500220007402000270009603500410012303500270016403500280019104000360021904100130025504400110026807200400027907200670031908000290038608000160041508000220043113000460045324501810049925000180068026000360069830000570073450400450079165000470083665000360088365000410091965000380096065500260099865500280102470000300105270000420108270000250112494200170114998000160116698000230118299900170120595200980122223002SK-KTurca20260513140825.0180601s2007 xo oabcg 001 0 slo  aSNBA2008/10-04684 a9788089144945q(viaz.) a79E7662F-108E-4AB7-A9CF-C412124E4AD3 aurn:nbn:sk:snk-am3h56x aurn:nbn:sk:snk-am00cnu1 aPOKPOHbslocPOKPOHdSNKeAACR21 aslohger axocSK 7a94(100)xSvetové dejiny2konspekt 7a355/359xVojenstvo. Obrana krajiny. Ozbrojené sily2konspekt a94(100)"1939/1945"22001 a(031)22001 a355.4 (091)220010 aChronik des Zweiten WeltkriegslSlovensky00aKronika druhej svetovej vojnyc[z nemeckého originálu preložili: Dávid Bystrický ... [et al.] ; úvodný predhovor napísali: František Cséfalvay, Jan Gebhart] a2. slov. vyd. aBratislavabFortuna Libric2007 a519 s.bfotogr. (čiast. fareb.) , mp., tab.c29 cm aBibliogr. s. 504-505. Men. a miest. reg.07adruhá svetová vojna (1939-1945)2SNKPH07aWorld War (1939-1945)2SNKPHeng07avojenské operáciexdejiny2SNKPH07aWar operationsxhistory2SNKPHeng 7aencyklopédie2SNKPH 7aEncyclopedias2SNKPHeng1 aBystrický, Dávid4trl1 aCséfalvay, František,d1953-4aui1 aHrbek, Jaroslav4aui 2ddccOLDOn0 a355.4 (091) a94(100)"1939/1945" c23002d23002 001040708DaOKTUSbOKTUSd2026-05-13l0p4738001306r2026-05-13 14:08:44w2026-05-13yOLDO